| 000 | 00457nam a22001817a 4500 | ||
|---|---|---|---|
| 003 | koha_MIRAKIL | ||
| 005 | 20231213095623.0 | ||
| 008 | 231213b |||||||| |||| 00| 0 ||| d | ||
| 020 | _b9-75458011-1 | ||
| 040 |
_aTR-IsEVY _btur _cTR-IsEVY |
||
| 082 | _a700 KÖP/E | ||
| 100 | _aKÖPRÜLÜ, FUAT. | ||
| 245 | 0 | _aESKİ TÜRK SANATI VE AVRUPA'YA ETKİSİ. | |
| 260 | _bİş Bankası, | ||
| 300 | _a205. | ||
| 650 | _aGüzel Sanatlar. | ||
| 942 |
_2ddc _cBK |
||
| 999 |
_c6677 _d6677 |
||